01187nab a22002177a 4500999001500000003000400015005001700019008004100036040000700077100002600084245014800110300001300258505036800271505007200639650003500711650002800746650003900774700003900813773010400852942001300956 c5849d5849OSt20260108214537.0190514b xxu||||| |||| 00| 0 spa d cPJ 96721aSarquis, Lorena10aBalance, consolidación y desafíos del proceso de restricción a la capacidad : bla figura de los apoyos /cLorena Sarquis, Luz M. Pagano. ap. 25-40 aSumario: I. Introducción.— II. Un breve repaso de los estándares convencionales.— III. Sobre los procesos de restricción a la capacidad en el Cód. Civ. y Com.— IV. Sobre ciertos avances que se leen en la jurisprudencia actual en términos de consolidación.— V. Acerca de los desafíos que se avizoran en el horizonte.— VI. A modo de balance. tSi te interesa el texto, comunicate a koha@justierradelfuego.gov.ar 091497aCODIGO CIVIL Y COMERCIAL 09967aDERECHO DE FAMILIA 093926aRESTRICCIONES A LA CAPACIDAD 91002aPagano, Luz Maríaecoautor0 0284493222dBuenos Aires : AbeledoPerrot, 1989-tDerecho de familia. N° 120 - Julio 2025z18511201 2udccANA